[Event "CAN op"]
[Site "Calgary CAN"]
[Date "2023.07.30"]
[Round "10.11"]
[White "Vasic, Maxim"]
[Black "Henry, Liam"]
[Result "1-0"]
[WhiteElo "2200"]
[BlackElo "2172"]
[PlyCount "89"]
[EventDate "2023.07.22"]
[EventType "swiss"]
[EventRounds "10"]
[EventCountry "CAN"]

1. c4 g6 2. Nc3 Bg7 3. e4 c5 4. Nge2 Nc6 5. g3 d6 6. Bg2 h5 7. h3 Nd4 8. d3 Bd7
9. Be3 Qa5 10. O-O Rb8 11. a3 Nxe2+ 12. Qxe2 Bxc3 13. bxc3 Qxc3 14. f4 b6 15.
Bd2 Qg7 16. a4 e5 17. a5 f6 18. axb6 axb6 19. Ra7 Ne7 20. Rb1 Nc8 21. Ra6 Qe7
22. Be3 b5 23. cxb5 Rxb5 24. Rba1 Rb6 25. Ra8 Qd8 26. Qa2 Rf8 27. Kh2 Qc7 28.
fxe5 dxe5 29. Qc4 Rc6 30. R1a5 Be6 31. Qb5 Kf7 32. Bxc5 Rd8 33. R5a7 Nxa7 34.
Rxa7 Rd7 35. Rxc7 Rdxc7 36. Bb6 Rc8 37. Bd8 Bd7 38. Ba5 Ke8 39. Bb4 Rd6 40. Qa5
Rxd3 41. Qa6 Rd4 42. Ba3 Rc6 43. Qa7 Rc2 44. Qb8+ Rc8 45. Qb3 1-0

[Event "CAN op"]
[Site "Calgary CAN"]
[Date "2023.07.30"]
[Round "10.12"]
[White "Mok, Erwin"]
[Black "Reprintsev, Alexander"]
[Result "0-1"]
[WhiteElo "1694"]
[BlackElo "2320"]
[PlyCount "50"]
[EventDate "2023.07.22"]
[EventType "swiss"]
[EventRounds "10"]
[EventCountry "CAN"]

1. d4 d5 2. Nf3 Nc6 3. Bf4 Bg4 4. e3 e6 5. c4 Nf6 6. Nc3 Bb4 7. Bd3 dxc4 8.
Bxc4 Nd5 9. Bxd5 exd5 10. O-O O-O 11. Rc1 Ba5 12. a3 Ne7 13. b4 Bb6 14. Na4 c6
15. Nc5 Bxc5 16. Rxc5 b6 17. Rc1 a5 18. h3 Bxf3 19. Qxf3 axb4 20. axb4 Ra4 21.
Rb1 b5 22. Rfc1 Qd7 23. Qg4 Nf5 24. Bd6 h5 25. Qxh5 Nxd6 0-1

[Event "CAN op"]
[Site "Calgary CAN"]
[Date "2023.07.30"]
[Round "10.13"]
[White "Soberov, Emil"]
[Black "Rekhson, Vladislav"]
[Result "1-0"]
[WhiteElo "2280"]
[BlackElo "2146"]
[PlyCount "83"]
[EventDate "2023.07.22"]
[EventType "swiss"]
[EventRounds "10"]
[EventCountry "CAN"]

1. e4 c5 2. Nc3 e6 3. f4 a6 4. Nf3 b5 5. d3 d6 6. g3 Bb7 7. Bg2 Nd7 8. O-O Be7
9. g4 Qc7 10. a4 b4 11. Ne2 f5 12. gxf5 exf5 13. Ng3 fxe4 14. Ng5 Bxg5 15. Qh5+
g6 16. Qxg5 Qd8 17. Nxe4 Qxg5 18. fxg5 Bxe4 19. Bxe4 Ra7 20. Bf4 Ne5 21. Bxe5
dxe5 22. Rae1 Ne7 23. Bg2 Rf8 24. Rxf8+ Kxf8 25. Rxe5 Rc7 26. Re6 c4 27. Be4
Rc5 28. Rxa6 Rxg5+ 29. Kf2 cxd3 30. Ra8+ Kf7 31. cxd3 Ke6 32. a5 Kd6 33. a6 Ra5
34. a7 Nc6 35. Bxc6 Kxc6 36. Rc8+ Kb7 37. Rb8+ Kxa7 38. Rxb4 Rh5 39. h4 Ka6 40.
Kg3 Ka5 41. Rg4 Kb6 42. Rg5 1-0

[Event "CAN op"]
[Site "Calgary CAN"]
[Date "2023.07.30"]
[Round "10.14"]
[White "Gao, Raymond"]
[Black "Liu, Zachary"]
[Result "1-0"]
[WhiteElo "2222"]
[BlackElo "2071"]
[PlyCount "45"]
[EventDate "2023.07.22"]
[EventType "swiss"]
[EventRounds "10"]
[EventCountry "CAN"]

1. e4 c5 2. Nf3 Nc6 3. Bb5 d6 4. O-O Bd7 5. Re1 a6 6. Bf1 Bg4 7. h3 Bxf3 8.
Qxf3 Nf6 9. c3 e6 10. d3 d5 11. Bg5 Be7 12. Bxf6 gxf6 13. Nd2 dxe4 14. Nxe4 f5
15. Ng3 Qc7 16. Qh5 Qd7 17. d4 cxd4 18. Bc4 O-O 19. Bd3 Qd6 20. Nxf5 exf5 21.
Bxf5 h6 22. Re6 Qf4 23. Rg6+ 1-0

[Event "CAN op"]
[Site "Calgary CAN"]
[Date "2023.07.30"]
[Round "10.15"]
[White "Tolentino, Patrick Angelo"]
[Black "Zhong, April"]
[Result "1-0"]
[WhiteElo "2201"]
[BlackElo "1938"]
[PlyCount "89"]
[EventDate "2023.07.22"]
[EventType "swiss"]
[EventRounds "10"]
[EventCountry "CAN"]

1. d4 d5 2. c4 dxc4 3. e3 Nf6 4. Bxc4 e6 5. Nf3 a6 6. O-O b5 7. Bd3 Bb7 8. a4
b4 9. Nbd2 c5 10. Qe2 Nbd7 11. a5 Be7 12. e4 cxd4 13. e5 Nd5 14. Nb3 Nc5 15.
Nxc5 Bxc5 16. Bd2 Ne7 17. Rac1 Qd5 18. Rc4 O-O 19. Bxb4 Rfc8 20. Bxc5 Rxc5 21.
Rxd4 Rxa5 22. Rd1 Qc5 23. b4 Qc7 24. bxa5 Bd5 25. Qc2 Qxa5 26. Bxh7+ Kf8 27.
Be4 Rc8 28. Qd2 Qc5 29. Bxd5 Nxd5 30. h4 a5 31. Ra1 Ra8 32. Qc1 Nc3 33. Kh2 Rc8
34. Qa3 Qxa3 35. Rxa3 Nb5 36. Rxa5 Nxd4 37. Nxd4 Rc4 38. Ra8+ Ke7 39. Ra7+ Ke8
40. Nf3 Re4 41. Rxf7 Re2 42. Rxg7 Rxf2 43. h5 Kf8 44. h6 Re2 45. Ra7 1-0

[Event "CAN op"]
[Site "Calgary CAN"]
[Date "2023.07.30"]
[Round "10.16"]
[White "Zhu, Brandon"]
[Black "Sharma, Vishruth"]
[Result "1/2-1/2"]
[WhiteElo "2084"]
[BlackElo "2198"]
[PlyCount "143"]
[EventDate "2023.07.22"]
[EventType "swiss"]
[EventRounds "10"]
[EventCountry "CAN"]

1. d4 Nf6 2. c4 d6 3. Nc3 Nbd7 4. e4 e5 5. d5 Nc5 6. Bd3 Nxd3+ 7. Qxd3 g6 8. h3
Bg7 9. g4 O-O 10. Nge2 a5 11. Bg5 h6 12. Be3 Nd7 13. Qd2 Kh7 14. h4 Nc5 15. h5
g5 16. f3 a4 17. O-O Bd7 18. Ng3 Qe8 19. Bxc5 dxc5 20. Qe3 b6 21. Kg2 Qb8 22.
Nf5 Rd8 23. Rf2 Bf8 24. Rc2 Ra5 25. Rd1 Bd6 26. Ne2 b5 27. cxb5 Rxb5 28. Rdd2
Qb6 29. Neg3 f6 30. Qf2 Rb8 31. Ne3 Qa6 32. Qe2 R5b6 33. Qxa6 Rxa6 34. Nc4 Rb4
35. Nf1 Bb5 36. Nfe3 Ra8 37. Rf2 Ra6 38. Rfd2 Ra7 39. Kf2 Rb7 40. a3 Rxc4 41.
Nxc4 Ra7 42. Rd3 Kg7 43. Rdc3 Kf7 44. Ke1 Ke8 45. Kd2 Kd7 46. Ne3 Bf8 47. Ng2
Ra5 48. Ne1 c4 49. Ng2 Bc5 50. Ne3 Bxe3+ 51. Rxe3 Kd6 52. Kc3 Kc5 53. d6 cxd6
54. Rd2 Bc6 55. Kc2 Rb5 56. Kd1 Rb6 57. Rc3 Bb7 58. Ke2 Bc6 59. Rdc2 d5 60.
exd5 Bxd5 61. Ke3 Rb5 62. Rd2 Kc6 63. Rc1 Rb3+ 64. Rc3 Rb5 65. Kf2 Rc5 66. Rc1
Rb5 67. Rcd1 Rc5 68. Ke3 Rb5 69. Ke2 Rc5 70. Rc2 Rb5 71. Rcd2 Rc5 72. Rc2
1/2-1/2

[Event "CAN op"]
[Site "Calgary CAN"]
[Date "2023.07.30"]
[Round "10.17"]
[White "Singh Dhaliwal, Jaipreet"]
[Black "Boehmer, Kris"]
[Result "1-0"]
[WhiteElo "2028"]
[BlackElo "2142"]
[Annotator ",hugh_brodie@hotmail."]
[PlyCount "65"]
[EventDate "2023.07.22"]
[EventType "swiss"]
[EventRounds "10"]
[EventCountry "CAN"]

1. e4 c6 2. d4 d5 3. e5 c5 4. c3 Nc6 5. Nf3 cxd4 6. cxd4 Bg4 7. Bb5 e6 8. Be3
Bb4+ 9. Nbd2 Nge7 10. O-O Bxd2 11. Qxd2 Bxf3 12. gxf3 Nf5 13. Kh1 O-O 14. Rg1
f6 15. Bxc6 bxc6 16. Bf4 Kh8 17. Rae1 Qd7 18. Be3 a5 19. Qc3 Rfc8 20. Qd3 c5
21. dxc5 Rxc5 22. Bf4 Rac8 23. Bd2 a4 24. exf6 gxf6 25. Bb4 Rc4 26. Rg4 d4 27.
a3 Rc1 28. Rge4 Rxe1+ 29. Rxe1 Kg7 30. Qe4 Kf7 31. Rg1 Rg8 32. Rxg8 Kxg8 33.
Qa8+ {Time.} 1-0

[Event "CAN op"]
[Site "Calgary CAN"]
[Date "2023.07.30"]
[Round "10.19"]
[White "Sasata, Robert"]
[Black "Douglas, Richard"]
[Result "1-0"]
[WhiteElo "2306"]
[BlackElo "1950"]
[PlyCount "181"]
[EventDate "2023.07.22"]
[EventType "swiss"]
[EventRounds "10"]
[EventCountry "CAN"]

1. d4 f5 2. e4 fxe4 3. Nc3 Nf6 4. Bg5 g6 5. d5 Bg7 6. Qd2 c6 7. d6 exd6 8. Qxd6
Qe7 9. Qxe7+ Kxe7 10. Nxe4 d5 11. Nd2 Nbd7 12. f3 h6 13. Be3 Re8 14. O-O-O Kf7
15. Bf2 b5 16. Nb3 a5 17. Nd4 Bb7 18. Nge2 b4 19. Kb1 Bf8 20. Nc1 a4 21. Be2
Rec8 22. Rhe1 c5 23. Ne6 Bd6 24. Bg3 Bxg3 25. hxg3 c4 26. Bf1 Rc6 27. Nd4 Rb6
28. Re3 Nc5 29. Rde1 Re8 30. g4 Bc8 31. Rxe8 Nxe8 32. Re5 Nc7 33. b3 Kf6 34.
Re3 axb3 35. cxb3 N5e6 36. Nce2 Nb5 37. Nxb5 Rxb5 38. Ng3 d4 39. Re1 Re5 40.
Rxe5 Kxe5 41. Bxc4 Kf4 42. Nf1 Nc5 43. Kb2 Bb7 44. a4 bxa3+ 45. Kxa3 Nxb3 46.
Kxb3 Bxf3 47. gxf3 Kxf3 48. Bd3 h5 49. g5 Kf4 50. Bxg6 Kxg5 51. Be4 Kf4 52. Bc6
h4 53. Kc4 Ke5 54. Kd3 Kd6 55. Ba8 Kc5 56. Bh1 h3 57. Be4 h2 58. Nxh2 Kb4 59.
Kxd4 Kb3 60. Bd3 Kb4 61. Ng4 Kb3 62. Ne3 Kb2 63. Be4 Kb3 64. Nd1 Ka2 65. Kc3
Ka1 66. Ne3 Ka2 67. Nc4 Ka1 68. Bd5 Ka2 69. Kb4 Ka1 70. Kb3 Kb1 71. Kc3 Ka1 72.
Nb2 Kb1 73. Nd3 Ka1 74. Nb4 Kb1 75. Nc2 Kc1 76. Ba2 Kd1 77. Nd4 Ke1 78. Kd3 Kf2
79. Ne2 Kf3 80. Be6 Kf2 81. Bg4 Ke1 82. Ke3 Kf1 83. Nf4 Ke1 84. Ng2+ Kf1 85.
Kf3 Kg1 86. Kg3 Kf1 87. Bh5 Kg1 88. Be2 Kh1 89. Nf4 Kg1 90. Nh3+ Kh1 91. Bf3#
1-0

[Event "CAN op"]
[Site "Calgary CAN"]
[Date "2023.07.30"]
[Round "10.20"]
[White "Marchand, Calix"]
[Black "Yang, Ryan"]
[Result "0-1"]
[WhiteElo "2101"]
[BlackElo "2217"]
[PlyCount "156"]
[EventDate "2023.07.22"]
[EventType "swiss"]
[EventRounds "10"]
[EventCountry "CAN"]

1. e4 c5 2. c3 d5 3. exd5 Qxd5 4. d4 Nc6 5. Nf3 Nf6 6. Be2 cxd4 7. cxd4 e6 8.
Nc3 Qd8 9. O-O Be7 10. a3 O-O 11. Bd3 b6 12. Bc2 Ba6 13. Re1 Rc8 14. Bb3 Na5
15. Ba2 Bc4 16. Bxc4 Nxc4 17. Ne5 Nd5 18. Nxc4 Rxc4 19. Qd3 Rc8 20. Bd2 Qd7 21.
Rad1 Rfd8 22. h3 Nxc3 23. Bxc3 Bf6 24. Qf3 Qd5 25. Re3 Qxf3 26. Rxf3 Rd5 27.
Rfd3 Kf8 28. Kf1 Ke8 29. Ke2 Kd7 30. Kd2 Kc6 31. Kc2 Rcd8 32. R3d2 Kb7 33. Rd3
b5 34. R3d2 Kb6 35. Rd3 a5 36. b3 Be7 37. a4 b4 38. Bd2 Bf6 39. Be3 Kb7 40.
R3d2 Rc8+ 41. Kb1 Rc3 42. Kb2 Rc7 43. Kb1 Rcd7 44. Kc2 Bd8 45. Kb2 Bb6 46. Kb1
h6 47. Kb2 h5 48. h4 e5 49. dxe5 Rxd2+ 50. Rxd2 Rxd2+ 51. Bxd2 Bxf2 52. Kc2
Bxh4 53. Kd3 Kc6 54. Ke4 Bd8 55. Be3 g6 56. Bd4 h4 57. Bf2 f5+ 58. exf6 Bxf6
59. Be3 Bd8 60. Ke5 Kd7 61. Bc5 Kc6 62. Be3 g5 63. Bf2 g4 64. Kf5 h3 65. gxh3
gxh3 66. Bg1 Bc7 67. Ke4 h2 68. Bxh2 Bxh2 69. Kd4 Bg1+ 70. Kc4 Bb6 71. Kd3 Kd5
72. Ke2 Kd4 73. Kd2 Bd8 74. Kc2 Ke3 75. Kc1 Kd3 76. Kb2 Kd2 77. Ka1 Kc3 78. Ka2
Kc2 0-1

[Event "CAN op"]
[Site "Calgary CAN"]
[Date "2023.07.30"]
[Round "10.21"]
[White "Kostadinov, Georgi"]
[Black "Moses, Neil"]
[Result "0-1"]
[WhiteElo "2203"]
[BlackElo "1985"]
[PlyCount "88"]
[EventDate "2023.07.22"]
[EventType "swiss"]
[EventRounds "10"]
[EventCountry "CAN"]

1. d4 Nf6 2. c4 e6 3. Nf3 d5 4. Nc3 c6 5. g3 Bd6 6. Bg2 Nbd7 7. Nd2 O-O 8. e4
dxe4 9. Ndxe4 Be7 10. O-O Nxe4 11. Nxe4 Nf6 12. Be3 Nxe4 13. Bxe4 Bf6 14. Qd3
h6 15. Rad1 Qc7 16. Qb3 e5 17. d5 cxd5 18. cxd5 Bh3 19. Rc1 Qd7 20. Rfd1 b6 21.
Rc6 Bd8 22. d6 Be6 23. Qc2 f5 24. Bf3 f4 25. gxf4 exf4 26. Bd4 Rf5 27. Kh1 Qf7
28. Rc3 Rb8 29. Rg1 g5 30. h4 Bd5 31. Be4 Qh5 32. Rg2 Bxe4 33. Qxe4 g4 34. Qe6+
Kf8 35. Rc8 Rxc8 36. Qxc8 Qxh4+ 37. Rh2 Qg5 38. Qe6 h5 39. Rg2 f3 40. Rg3 Rd5
41. Bc3 Rd1+ 42. Be1 Qf6 43. Qe3 b5 44. Kg1 Ba5 0-1

[Event "CAN op"]
[Site "Calgary CAN"]
[Date "2023.07.30"]
[Round "10.22"]
[White "Wu, Jonathan"]
[Black "Chandra, Anand Rishi"]
[Result "1/2-1/2"]
[WhiteElo "2075"]
[BlackElo "2199"]
[PlyCount "57"]
[EventDate "2023.07.22"]
[EventType "swiss"]
[EventRounds "10"]
[EventCountry "CAN"]

1. e4 e5 2. Nf3 Nc6 3. d4 exd4 4. Nxd4 Nf6 5. Nxc6 bxc6 6. e5 Qe7 7. Qe2 Nd5 8.
h4 d6 9. c4 Nb6 10. exd6 cxd6 11. Bg5 Qxe2+ 12. Bxe2 Be6 13. Nd2 d5 14. O-O h6
15. Be3 Be7 16. Bd4 O-O 17. cxd5 Nxd5 18. g3 Rfc8 19. Nb3 Nf4 20. gxf4 Bxb3 21.
Bxg7 Bd5 22. Bc3 Bxh4 23. Kh2 Kf8 24. b3 a5 25. Rad1 a4 26. Bc4 Bxc4 27. bxc4
Be7 28. Kg3 a3 29. Rfe1 1/2-1/2

[Event "CAN op"]
[Site "Calgary CAN"]
[Date "2023.07.30"]
[Round "10.23"]
[White "Nguyen, Kim"]
[Black "Zhang, Brian"]
[Result "1-0"]
[WhiteElo "2145"]
[BlackElo "1926"]
[PlyCount "109"]
[EventDate "2023.07.22"]
[EventType "swiss"]
[EventRounds "10"]
[EventCountry "CAN"]

1. c4 c6 2. e3 d5 3. Nf3 Nf6 4. Nc3 e6 5. d4 Nbd7 6. cxd5 exd5 7. Bd3 Bd6 8.
Nh4 g6 9. f4 Qe7 10. O-O Ne4 11. Nf3 O-O 12. Bxe4 dxe4 13. Ne5 f6 14. Nc4 Bc7
15. a4 Nb6 16. Nd2 f5 17. a5 Nd5 18. Nxd5 cxd5 19. Qb3 Rd8 20. Nb1 Bb8 21. Bd2
Be6 22. Rc1 Bd6 23. Nc3 Rac8 24. Nb5 Bb8 25. g3 a6 26. Bb4 Qf7 27. Nc3 Bd7 28.
Bc5 Bc6 29. Rc2 Bd6 30. Bb6 Bc7 31. Rac1 Bxb6 32. Qxb6 Rc7 33. Na2 Rdc8 34. Rc5
g5 35. fxg5 Qh5 36. Qb4 Qxg5 37. Qd2 h5 38. Nb4 h4 39. Qf2 Rg7 40. Kg2 hxg3 41.
hxg3 Rf8 42. Qf4 Qh5 43. Rh1 Qe2+ 44. Qf2 Rxg3+ 45. Kxg3 Qg4+ 46. Kh2 Kf7 47.
Qg3 Qe2+ 48. Kg1 Rg8 49. Qxg8+ Kxg8 50. Nxc6 Qxe3+ 51. Kh2 Qf2+ 52. Kh3 bxc6
53. Rxc6 f4 54. Rg6+ Kf7 55. Rhg1 1-0

[Event "CAN op"]
[Site "Calgary CAN"]
[Date "2023.07.30"]
[Round "10.24"]
[White "He, Matthew"]
[Black "Heran-Boily, Samuel"]
[Result "1/2-1/2"]
[WhiteElo "2140"]
[BlackElo "1936"]
[PlyCount "142"]
[EventDate "2023.07.22"]
[EventType "swiss"]
[EventRounds "10"]
[EventCountry "CAN"]

1. d4 d5 2. c4 e6 3. Nc3 Nf6 4. cxd5 exd5 5. Bg5 c6 6. e3 Be7 7. Bd3 O-O 8. Qc2
h6 9. Bh4 Re8 10. Nge2 Nbd7 11. O-O Ne4 12. Bxe7 Qxe7 13. Bxe4 dxe4 14. Ng3 Nf6
15. Rab1 h5 16. h4 Bd7 17. Rfc1 Qe6 18. Qe2 g6 19. b4 Qe7 20. a4 Be6 21. b5 Bd5
22. Nxd5 cxd5 23. Qa2 Qd7 24. Ne2 Rac8 25. Nf4 b6 26. Qb2 Rxc1+ 27. Rxc1 Rc8
28. Kh2 Rc7 29. g3 Qc8 30. Ne2 Ne8 31. Rxc7 Qxc7 32. Qc3 Qxc3 33. Nxc3 Nc7 34.
Kg2 Kf8 35. f3 f5 36. Kf2 Ke7 37. g4 exf3 38. gxh5 gxh5 39. Kxf3 Kf6 40. Ne2
Kg6 41. Nf4+ Kh6 42. Kg3 Ne8 43. Nxd5 Nd6 44. Ne7 Kg7 45. Kf4 Kf6 46. Nc6 Ne4
47. Nxa7 Nc3 48. Nc8 Nxa4 49. d5 Nc3 50. Nxb6 Nxb5 51. Nd7+ Ke7 52. Nc5 Kf6 53.
e4 fxe4 54. Nxe4+ Kg6 55. d6 Nd4 56. Nc5 Kf6 57. Ke4 Nc6 58. Kd5 Nb4+ 59. Ke4
Nc6 60. Kf4 Nd8 61. d7 Nf7 62. Ke4 Ke7 63. Kd5 Nd8 64. Ke5 Nf7+ 65. Kf5 Kd6 66.
Kg6 Nd8 67. Ne4+ Kxd7 68. Nf6+ Ke7 69. Kg7 Ne6+ 70. Kg6 Nf4+ 71. Kf5 Ng2
1/2-1/2

[Event "CAN op"]
[Site "Calgary CAN"]
[Date "2023.07.30"]
[Round "10.25"]
[White "Wang, Andy"]
[Black "Perelman, Leon"]
[Result "1-0"]
[WhiteElo "1960"]
[BlackElo "2129"]
[PlyCount "83"]
[EventDate "2023.07.22"]
[EventType "swiss"]
[EventRounds "10"]
[EventCountry "CAN"]

1. e4 c5 2. Nf3 e6 3. d4 cxd4 4. Nxd4 a6 5. Nc3 Qc7 6. Be3 Bb4 7. Qd3 Nf6 8.
Bd2 O-O 9. Be2 b6 10. O-O Be7 11. Bf3 Nc6 12. Nxc6 dxc6 13. e5 Rd8 14. exf6
Rxd3 15. fxe7 Qxe7 16. cxd3 Bb7 17. Rfd1 Rd8 18. Be3 c5 19. Bxb7 Qxb7 20. d4 c4
21. b3 cxb3 22. axb3 b5 23. Ne2 h6 24. Nf4 g5 25. Nd3 Qd5 26. Nc5 e5 27. h3 a5
28. Rxa5 f5 29. f3 b4 30. Rd2 Rb8 31. dxe5 Qxe5 32. Bf2 Rc8 33. Rda2 Qd5 34.
Re2 h5 35. Ra7 h4 36. Rd7 Qa8 37. Ree7 Qa1+ 38. Kh2 g4 39. hxg4 fxg4 40. Bd4
g3+ 41. Kh3 Qh1+ 42. Kg4 1-0

[Event "CAN op"]
[Site "Calgary CAN"]
[Date "2023.07.30"]
[Round "10.26"]
[White "Aljo, Johan"]
[Black "Offengenden, Ron"]
[Result "1/2-1/2"]
[WhiteElo "2124"]
[BlackElo "1812"]
[PlyCount "69"]
[EventDate "2023.07.22"]
[EventType "swiss"]
[EventRounds "10"]
[EventCountry "CAN"]

1. d4 d5 2. c4 e6 3. g3 Nf6 4. Bg2 dxc4 5. Nf3 Be7 6. O-O O-O 7. Qc2 a6 8. a4
Nbd7 9. Nbd2 c5 10. dxc5 Nxc5 11. Nxc4 Bd7 12. Nfe5 Bxa4 13. Rxa4 Nxa4 14. Qxa4
b5 15. Qa2 bxc4 16. Nc6 Qd7 17. Nxe7+ Qxe7 18. Bxa8 Rxa8 19. Qxc4 Qb7 20. Rd1
Rc8 21. Qd4 Qb5 22. Kg2 h6 23. Qd3 Qxd3 24. exd3 Rc2 25. Kf3 Nd5 26. h4 h5 27.
Be3 Nxe3 28. Kxe3 Rxb2 29. Ra1 Rb6 30. Rc1 Rb5 31. Rc8+ Kh7 32. Ra8 a5 33. Ra7
Kg6 34. Ra6 Kf5 35. Ra7 1/2-1/2

[Event "CAN op"]
[Site "Calgary CAN"]
[Date "2023.07.30"]
[Round "10.27"]
[White "Yang, Henry"]
[Black "Su, Ethan"]
[Result "0-1"]
[WhiteElo "1818"]
[BlackElo "2071"]
[PlyCount "80"]
[EventDate "2023.07.22"]
[EventType "swiss"]
[EventRounds "10"]
[EventCountry "CAN"]

1. d4 Nf6 2. c4 e6 3. Nf3 d5 4. g3 dxc4 5. Bg2 c5 6. O-O Nc6 7. Qa4 Bd7 8. Qxc4
b5 9. Qd3 c4 10. Qd1 Rc8 11. Bg5 Be7 12. Bxf6 Bxf6 13. e4 Nb4 14. Nc3 Bc6 15.
d5 exd5 16. e5 Be7 17. Nd4 O-O 18. Ncxb5 Bxb5 19. Nxb5 Nd3 20. Nxa7 Rc5 21. a4
Qb6 22. Nb5 Nxb2 23. Qd2 Nxa4 24. Rxa4 Rxb5 25. Bxd5 Rd8 26. Ra8 Rxa8 27. Bxa8
Rxe5 28. Qd7 Qc5 29. Rd1 g6 30. Bd5 Rf5 31. g4 Rxf2 32. Kh1 c3 33. Ra1 Bf8 34.
Ra7 Rf1+ 35. Kg2 Rf2+ 36. Kh1 Rf1+ 37. Kg2 Qf2+ 38. Kh3 Qe3+ 39. Kh4 g5+ 40.
Kh5 Qh3+ 0-1

[Event "CAN op"]
[Site "Calgary CAN"]
[Date "2023.07.30"]
[Round "10.28"]
[White "Bulga, Tamir"]
[Black "Zacharias, Nicholas"]
[Result "0-1"]
[WhiteElo "1961"]
[BlackElo "1843"]
[PlyCount "52"]
[EventDate "2023.07.22"]
[EventType "swiss"]
[EventRounds "10"]
[EventCountry "CAN"]

1. Nf3 Nf6 2. e3 g6 3. c4 c5 4. Nc3 Bg7 5. b3 d5 6. cxd5 Nxd5 7. Bb5+ Nc6 8.
Bb2 Ndb4 9. O-O O-O 10. Na4 Bxb2 11. Nxb2 Bg4 12. a3 Bxf3 13. gxf3 Qb6 14. Qe2
Nc2 15. Ra2 N2d4 16. exd4 Nxd4 17. Qe3 Qxb5 18. b4 Qc6 19. Kg2 Nf5 20. Qe4 Qf6
21. Nd3 Rad8 22. Nxc5 Rd4 23. Qe2 Nh4+ 24. Kh1 Nxf3 25. Ne4 Qf5 26. Ng3 Rh4 0-1

[Event "CAN op"]
[Site "Calgary CAN"]
[Date "2023.07.30"]
[Round "10.29"]
[White "Ming, Jerry"]
[Black "Gao, Lucy"]
[Result "0-1"]
[WhiteElo "1756"]
[BlackElo "1933"]
[PlyCount "62"]
[EventDate "2023.07.22"]
[EventType "swiss"]
[EventRounds "10"]
[EventCountry "CAN"]

1. b3 Nf6 2. Bb2 c5 3. e3 Nc6 4. Nf3 d5 5. Bb5 a6 6. Bxc6+ bxc6 7. Ne5 Qc7 8.
f4 g6 9. O-O Bg7 10. Nc3 O-O 11. Na4 Ne4 12. d3 Nd6 13. Nxc5 Nf5 14. Qe2 f6 15.
Nf3 Qb6 16. Na4 Qxe3+ 17. Qxe3 Nxe3 18. Rf2 Bh6 19. g3 Bh3 20. Re1 Ng4 21. Rfe2
e5 22. fxe5 fxe5 23. Nxe5 Be3+ 24. Kh1 Bf2 25. Rf1 Bxf1 26. Nxg4 h5 27. Nh6+
Kh7 28. Re7+ Kxh6 29. Bg7+ Kg5 30. h4+ Kg4 31. Bxf8 Kh3 0-1

[Event "CAN op"]
[Site "Calgary CAN"]
[Date "2023.07.30"]
[Round "10.31"]
[White "MacLeod, Damon"]
[Black "Hooshdaran, Soheil"]
[Result "0-1"]
[WhiteElo "1889"]
[BlackElo "1617"]
[PlyCount "84"]
[EventDate "2023.07.22"]
[EventType "swiss"]
[EventRounds "10"]
[EventCountry "CAN"]

1. d4 Nf6 2. Nc3 c5 3. d5 g6 4. e4 d6 5. Nge2 Bg7 6. g3 b5 7. Bg2 b4 8. Nb1 O-O
9. O-O Bb7 10. Nd2 Nbd7 11. Nc4 Ba6 12. Ne3 Bb7 13. c4 bxc3 14. Nxc3 Ba6 15.
Re1 Ne5 16. f4 Nd3 17. Bf1 c4 18. Bxd3 cxd3 19. Bd2 Rb8 20. Qa4 Rxb2 21. Qxa6
Rxd2 22. Rab1 Nd7 23. Nb5 Qb6 24. Qxa7 Bd4 25. Qxb6 Bxb6 26. Kh1 Rc8 27. Nf1
Rdc2 28. Red1 Nf6 29. Nxd6 exd6 30. Rxb6 Nxe4 31. Kg1 d2 32. Kg2 Rxa2 33. Kf3
Rc1 34. Rb1 Rxb1 35. Rxb1 Nc3 36. Rb8+ Kg7 37. Ne3 d1=Q+ 38. Nxd1 Nxd1 39. Rb6
Rxh2 40. Rxd6 f5 41. g4 Rh3+ 42. Ke2 Nc3+ 0-1

[Event "CAN op"]
[Site "Calgary CAN"]
[Date "2023.07.30"]
[Round "10.32"]
[White "Zhang, Michelle"]
[Black "Darvekar, Yash"]
[Result "1/2-1/2"]
[WhiteElo "1734"]
[BlackElo "1886"]
[PlyCount "66"]
[EventDate "2023.07.22"]
[EventType "swiss"]
[EventRounds "10"]
[EventCountry "CAN"]

1. e4 c5 2. Nf3 d6 3. d4 cxd4 4. Nxd4 Nf6 5. Nc3 a6 6. Be2 e5 7. Nb3 Be7 8. Be3
Be6 9. O-O O-O 10. f4 exf4 11. Bxf4 Nbd7 12. Qe1 Qc7 13. Rd1 Rfd8 14. Nd5 Bxd5
15. exd5 Ne5 16. c3 b5 17. Qg3 Kh8 18. Nd4 g6 19. Qh3 Nfd7 20. Bxe5+ Nxe5 21.
Nc6 Rf8 22. Nxe5 dxe5 23. Kh1 f5 24. g4 f4 25. Bd3 Kg7 26. Be4 Rad8 27. Qd3 Qc4
28. Qxc4 bxc4 29. b3 Bd6 30. b4 Rd7 31. a4 Rb8 32. Rb1 Rdb7 33. Rb2 Kf6 1/2-1/2

[Event "CAN op"]
[Site "Calgary CAN"]
[Date "2023.07.30"]
[Round "10.33"]
[White "Ratte, Cameron"]
[Black "Zhao, Erin"]
[Result "1-0"]
[WhiteElo "1848"]
[BlackElo "1613"]
[PlyCount "81"]
[EventDate "2023.07.22"]
[EventType "swiss"]
[EventRounds "10"]
[EventCountry "CAN"]

1. e4 c5 2. Nc3 Nc6 3. f4 e6 4. Nf3 d5 5. d3 Nf6 6. e5 Nd7 7. g3 Be7 8. Bg2 Rb8
9. O-O O-O 10. Ne2 b5 11. g4 Bb7 12. Ng3 Qc7 13. c3 d4 14. cxd4 Nxd4 15. Nxd4
cxd4 16. Bd2 Bxg2 17. Kxg2 Rfc8 18. Rc1 Qb7+ 19. Qf3 Qa6 20. a3 Nc5 21. Bb4 Bf8
22. Bxc5 Bxc5 23. Ne4 Be7 24. Rxc8+ Rxc8 25. f5 f6 26. g5 exf5 27. Qxf5 Rc2+
28. Kg3 Qc8 29. gxf6 Qxf5 30. Rxf5 gxf6 31. exf6 Bf8 32. Rxb5 Re2 33. Rb3 Re3+
34. Kg4 Re2 35. h4 Re3 36. Ng5 h6 37. Ne4 Re2 38. Rb8 Re3 39. Kf5 Rxd3 40. Kg6
Rf3 41. Rd8 1-0

[Event "CAN op"]
[Site "Calgary CAN"]
[Date "2023.07.30"]
[Round "10.34"]
[White "Xu, Philip"]
[Black "Murali, Dhruv"]
[Result "1-0"]
[WhiteElo "1878"]
[BlackElo "1560"]
[PlyCount "163"]
[EventDate "2023.07.22"]
[EventType "swiss"]
[EventRounds "10"]
[EventCountry "CAN"]

1. c4 g6 2. Nc3 Bg7 3. e4 d6 4. Nge2 Nd7 5. g3 b6 6. Bg2 Bb7 7. O-O c5 8. d4 a6
9. d5 Ngf6 10. a4 O-O 11. Qc2 Rb8 12. b3 a5 13. Bb2 Ne8 14. Rae1 Nc7 15. f4 Na6
16. Nc1 Nb4 17. Qd1 Ba6 18. Nd3 Nxd3 19. Qxd3 Qc7 20. Bh3 Rbd8 21. Qf3 Qb8 22.
Nd1 Bc8 23. Bxg7 Kxg7 24. Bxd7 Bxd7 25. g4 Qc8 26. h3 f6 27. Qg3 Qc7 28. Rf2
Rf7 29. Rfe2 Rdf8 30. h4 h6 31. Kg2 Qc8 32. Nf2 Qc7 33. Nd3 Qc8 34. Nf2 Qc7 35.
Nd1 Qc8 36. Ne3 Qc7 37. Nf1 Qc8 38. Nh2 Qc7 39. e5 fxe5 40. fxe5 Rf4 41. e6 Bc8
42. Re4 R4f6 43. Rf1 Qd8 44. Rxf6 Rxf6 45. Nf3 Rf8 46. Rf4 Qe8 47. Nd2 Ba6 48.
Qf2 Rxf4 49. Qxf4 Bc8 50. Nf1 Ba6 51. Ne3 Bc8 52. Kg3 Bb7 53. Qf3 Ba6 54. h5
gxh5 55. gxh5 Kh8 56. Qg4 Qf8 57. Nf5 Qf6 58. Nh4 Qe5+ 59. Kh3 Qf6 60. Qf3 Qg7
61. Ng6+ Kg8 62. Qf4 Bb7 63. Nh4 Kh7 64. Nf5 Qc3+ 65. Qg3 Qf6 66. Qg6+ Qxg6 67.
hxg6+ Kxg6 68. Nxe7+ Kf6 69. Ng8+ Kg7 70. Ne7 Kf6 71. Nf5 Bc8 72. Nxd6 Bxe6+
73. dxe6 Kxe6 74. Nc8 Ke5 75. Nxb6 Kd4 76. Kh4 Kc3 77. Kh5 Kxb3 78. Kxh6 Kc3
79. Kg5 Kd4 80. Kf5 Kc3 81. Ke5 Kb4 82. Kd5 1-0

[Event "CAN op"]
[Site "Calgary CAN"]
[Date "2023.07.30"]
[Round "10.35"]
[White "Zou, Alex"]
[Black "Zhong, Ryan Yunhui"]
[Result "1/2-1/2"]
[WhiteElo "1742"]
[BlackElo "2017"]
[PlyCount "82"]
[EventDate "2023.07.22"]
[EventType "swiss"]
[EventRounds "10"]
[EventCountry "CAN"]

1. c4 e6 2. g3 d5 3. Bg2 dxc4 4. Qa4+ Nd7 5. Qxc4 Ngf6 6. Nf3 a6 7. d4 b5 8.
Qc2 Bb7 9. Nc3 c5 10. dxc5 Bxc5 11. O-O Rc8 12. a3 O-O 13. Rd1 Qb6 14. e3 Rfd8
15. b4 Be7 16. Bb2 Rc7 17. Qe2 Nd5 18. Rac1 Rdc8 19. Qd2 N7f6 20. Ne5 Nxc3 21.
Rxc3 Rxc3 22. Bxc3 Bxg2 23. Kxg2 Qb7+ 24. f3 Nd5 25. Bd4 f6 26. Nd3 Rd8 27. Qc1
Rc8 28. Qd2 e5 29. Bc5 Rd8 30. Qc1 Bxc5 31. Nxc5 Qc6 32. Rd3 e4 33. fxe4 Nf4+
34. exf4 Rxd3 35. Nxd3 Qxe4+ 36. Kf2 Qxd3 37. Qc8+ Kf7 38. Qxa6 Qd2+ 39. Kf3
Qd3+ 40. Kf2 Qd2+ 41. Kf3 Qd3+ 1/2-1/2